| 000 | 00818ntm a22002297a 4500 | ||
|---|---|---|---|
| 005 | 20170813161217.0 | ||
| 008 | 170802s2014 xx a frb 000 0 eng d | ||
| 040 |
_aEG-ScBUE _beng _cEG-ScBUE |
||
| 082 | 0 | 4 |
_222 _a624 _bSAA |
| 100 | 1 | _aSaad, Abdullah Tawheed. | |
| 245 | 1 | 0 |
_aSteel roofing system design for the terminal area of the quetzaltenango airport / _cAbdullah Tawheed Saad.. |
| 260 | _c2014. | ||
| 300 |
_a1 v. : _bill. (col.) ; _c28 cm. |
||
| 500 | _aA dissertation submitted to the faculty of engineering the British University in Egypt,in partial fulfillment of the requirements for the bachelor degree in civil engineering | ||
| 590 | _anagwa | ||
| 650 | 7 |
_2BUEsh _vProjects _aCivil engineering |
|
| 653 |
_bENGARC _cAugust2017 |
||
| 655 | _vSPRO | ||
| 700 | 1 | _eths | |
| 777 | _ASPRO | ||
| 942 | _2ddc | ||
| 999 |
_c25254 _d25226 |
||